100 Biggest Cities of Moldova on a Map - Statistics

General Stats
  • This quiz has been taken 290 times
  • The average score is 18 of 100
Answers on the Map
Answers color-coded by a green-red scale on the quiz's map according to % correct below.
 
Answer Stats
Population City % Correct
532,513 Chișinău
97%
128,600 Tiraspol'
91%
97,930 Bălți
76%
89,869 Bendery
56%
20,113 Comrat
51%
22,196 Soroca
47%
30,018 Cahul
46%
21,065 Orhei
45%
68,225 Rybnica
45%
30,804 Ungheni
43%
30,661 Dubossary
40%
15,520 Edineț
35%
11,998 Florești
33%
12,491 Hîncești
32%
12,515 Ialoveni
31%
10,808 Călărași
29%
15,939 Căușeni
29%
7,314 Briceni
28%
12,074 Fălești
28%
10,063 Nisporeni
28%
13,150 Drochia
27%
7,443 Leova
27%
18,376 Strășeni
27%
82,938 Slobodzeja
26%
7,078 Ștefan Vodă
26%
12,355 Taraclia
26%
10,872 Anenii Noi
24%
8,471 Basarabeasca
23%
11,997 Cimișlia
23%
10,669 Cricova
23%
7,254 Ocnița
23%
7,101 Dondușeni
22%
6,708 Criuleni
21%
15,934 Codru
20%
17,210 Durlești
20%
39,155 Grigoriopol'
20%
11,032 Rezina
20%
16,605 Ceadîr-Lunga
19%
12,465 Sîngerei
19%
12,185 Vulcănești
19%
5,883 Șoldănești
18%
9,259 Rîșcani
17%
19,939 Kamenka
16%
7,227 Telenești
16%
11,123 Congaz
15%
10,907 Costești
15%
9,600 Dnestrovsk
15%
10,175 Băcioi
13%
8,676 Glodeni
13%
9,966 Sîngera
13%
8,694 Stăuceni
13%
5,295 Vadul lui Vodă
13%
4,969 Mileștii Mici
10%
8,047 Bubuieci
9%
7,190 Cupcini
9%
6,043 Otaci
9%
7,816 Peresecina
9%
5,105 Varnița
9%
5,212 Măgdăcești
8%
10,380 Trușeni
8%
5,036 Bulboaca
7%
5,378 Colibași
7%
9,138 Copceac
7%
5,099 Crihana Veche
7%
5,757 Mereni
7%
4,928 Budești
6%
8,358 Cărpineni
6%
6,247 Cojușna
6%
6,643 Corjeuți
6%
5,545 Coșnița
6%
5,051 Ghidighici
6%
6,183 Grătiești
6%
6,196 Lozova
6%
5,564 Pîrlița
6%
5,518 Puhoi
6%
5,141 Rădoaia
6%
7,031 Răzeni
6%
5,449 Ruseștii Noi
6%
5,833 Sireți
6%
5,676 Slobozia Mare
6%
6,341 Talmaza
6%
5,187 Vărzărești
6%
6,698 Cazaclia
5%
5,427 Corlăteni
5%
5,194 Hîrbovăț
5%
5,032 Ivancea
5%
4,872 Mingir
5%
5,122 Sîngereii Noi
5%
6,845 Sipoteni
5%
7,463 Baurci
4%
6,298 Chirsova
4%
4,890 Chișcăreni
4%
5,961 Ciorescu
4%
5,022 Lăpușna
4%
5,594 Pepeni
4%
4,822 Sărata-Galbenă
4%
5,420 Tvardița
4%
5,594 Alexăndreni
3%
5,922 Dubăsarii Vechi
3%
7,394 Pеlinia
2%
No matching quizzes found
Score Distribution
Percent of People with Each Score
Percentile by Number Answered
Your Score History
You have not taken this quiz